[Event "ECC"]
[Site "Rethymnon GRE"]
[Date "2003.09.28"]
[Round "1"]
[White "Svidler,P"]
[Black "Cicak,S"]
[Result "1-0"]
[WhiteElo "2723"]
[BlackElo "2530"]
[EventDate "2003.09.28"]

1. e4 d5 2. exd5 Qxd5 3. Nc3 Qd6 4. d4 c6 5. Bg5 Nf6 6. Qd2 Bf5 7. O-O-O e6
8. Nf3 Nbd7 9. a3 Qc7 10. Ne5 Be7 11. f4 h6 12. Bxf6 Nxf6 13. Bd3 Bxd3 14.
Qxd3 Bd6 15. Qf3 O-O-O 16. Rd3 Kb8 17. Kb1 a6 18. Rhd1 Rhf8 19. g3 Be7 20.
Qe2 Nd7 21. Nf3 Rfe8 22. Ne4 f6 23. Re3 g5 24. Nc3 Nf8 25. f5 exf5 26. d5
c5 27. Re1 Ng6 28. Re6 g4 29. Nh4 Ne5 30. Nxf5 h5 31. Nxe7 Rxe7 32. Rxf6
Nc6 33. Qf2 Rxe1+ 34. Qxe1 Nd4 35. Qe4 Nf3 36. Qf5 Nxh2 37. Rf7 Qd6 38. Qh7
Qb6 39. Na4 Qb5 40. c4 Qb3 41. Nxc5 1-0

[Site "Plovdiv BUL"]
[Date "2003.10.13"]
[Round "3"]
[White "Bareev,E"]
[Black "Mikhalchishin,A"]
[Result "1-0"]
[WhiteElo "2739"]
[BlackElo "2522"]
[EventDate "2003.10.10"]

1. d4 d5 2. c4 dxc4 3. e4 Nf6 4. e5 Nd5 5. Bxc4 Nb6 6. Bd3 Nc6 7. Ne2 Bg4
8. f3 Be6 9. Nbc3 Bd5 10. Nxd5 Qxd5 11. Be4 Qd7 12. e6 fxe6 13. Bxc6 Qxc6
14. Bf4 Nd5 15. Rc1 Qb6 16. Be5 Rg8 17. Nc3 c6 18. Qe2 g5 19. O-O Rg6 20.
Kh1 Nf4 21. Qc2 Bg7 22. Na4 Qb5 23. Bxg7 Rxg7 24. Nc5 Rg6 25. Rfe1 b6 26.
a4 Qb4 27. Nxe6 Qd6 28. Nxf4 gxf4 29. Re4 O-O-O 30. Rce1 Rd7 31. h3 Kb7 32.
Qc4 Rg5 33. Re6 Qd5 34. Qc2 Rg6 35. Rxe7 Qxd4 36. Rxh7 Rxh7 37. Qxg6 Rd7
38. Qf5 Qd2 39. Re8 Rc7 40. a5 bxa5 41. Qf8 Ka6 42. Kh2 Rd7 43. Rb8 Rc7 44.
Qf5 Qd4 45. b4 axb4 46. Qc2 Qd5 47. Rxb4 Qg5 48. Qa2+ 1-0

[Event "EuTCh"]
[Site "Plovdiv BUL"]
[Date "2003.10.11"]
[Round "1"]
[White "Svidler,P"]
[Black "Delchev,A"]
[Result "1-0"]
[WhiteElo "2723"]
[BlackElo "2603"]
[EventDate "2003.10.10"]

1. e4 e5 2. Nf3 Nc6 3. Bb5 a6 4. Ba4 Nf6 5. O-O Be7 6. Re1 b5 7. Bb3 d6 8.
c3 O-O 9. d4 Bg4 10. Be3 Bh5 11. h3 exd4 12. cxd4 d5 13. e5 Ne4 14. Nc3
Nxc3 15. bxc3 Na5 16. Bc2 Nc4 17. g4 Bg6 18. Bf5 a5 19. Qd3 b4 20. Re2 Ra6
21. Kg2 Rb6 22. cxb4 axb4 23. Rae1 Qb8 24. Bc1 b3 25. axb3 Rxb3 26. Qc2 Qb4
27. e6 Rc3 28. Qa2 Bf6 29. exf7+ Bxf7 30. Ne5 Bxe5 31. dxe5 Qe7 32. Rc2
Rxc2 33. Qxc2 Bg6 34. Bxg6 hxg6 35. e6 Qf6 36. e7 Re8 37. Qe2 Kf7 38. Bg5
Qd6 39. h4 Nb6 40. h5 gxh5 41. gxh5 Nd7 42. Qf3+ Kg8 43. Qf5 Nc5 44. Re5 c6
45. h6 g6 46. h7+ Kg7 47. Qf4 Nd7 48. Bh6+ Kxh7 49. Qf7+ Kxh6 50. Re6 1-0

[Event "EuTCh"]
[Site "Plovdiv BUL"]
[Date "2003.10.13"]
[Round "3"]
[White "Bareev,E"]
[Black "Mikhalchishin,A"]
[Result "1-0"]
[WhiteElo "2739"]
[BlackElo "2522"]
[EventDate "2003.10.10"]

1. d4 d5 2. c4 dxc4 3. e4 Nf6 4. e5 Nd5 5. Bxc4 Nb6 6. Bd3 Nc6 7. Ne2 Bg4
8. f3 Be6 9. Nbc3 Bd5 10. Nxd5 Qxd5 11. Be4 Qd7 12. e6 fxe6 13. Bxc6 Qxc6
14. Bf4 Nd5 15. Rc1 Qb6 16. Be5 Rg8 17. Nc3 c6 18. Qe2 g5 19. O-O Rg6 20.
Kh1 Nf4 21. Qc2 Bg7 22. Na4 Qb5 23. Bxg7 Rxg7 24. Nc5 Rg6 25. Rfe1 b6 26.
a4 Qb4 27. Nxe6 Qd6 28. Nxf4 gxf4 29. Re4 O-O-O 30. Rce1 Rd7 31. h3 Kb7 32.
Qc4 Rg5 33. Re6 Qd5 34. Qc2 Rg6 35. Rxe7 Qxd4 36. Rxh7 Rxh7 37. Qxg6 Rd7
38. Qf5 Qd2 39. Re8 Rc7 40. a5 bxa5 41. Qf8 Ka6 42. Kh2 Rd7 43. Rb8 Rc7 44.
Qf5 Qd4 45. b4 axb4 46. Qc2 Qd5 47. Rxb4 Qg5 48. Qa2+ 1-0

[Event "EuTCh"]
[Site "Plovdiv BUL"]
[Date "2003.10.14"]
[Round "4"]
[White "Ivanisevic,I"]
[Black "Grischuk,A"]
[Result "0-1"]
[WhiteElo "2548"]
[BlackElo "2732"]
[EventDate "2003.10.10"]

1. d4 d5 2. c4 c6 3. Nc3 Nf6 4. Nf3 dxc4 5. a4 Bf5 6. Ne5 Nbd7 7. Nxc4 Qc7
8. g3 e5 9. dxe5 Nxe5 10. Bf4 Nfd7 11. Bg2 g5 12. Nxe5 gxf4 13. Nxd7 O-O-O
14. a5 Rxd7 15. Qa4 a6 16. O-O Bc5 17. Rac1 Rd4 18. Qa2 Rhd8 19. Ne4 Bxe4
20. Bh3+ Kb8 21. Rxc5 fxg3 22. hxg3 Rg8 23. Kh2 Bd5 24. Qa3 Rh4 25. f4 Qe7
26. Re1 Rxh3+ 0-1

[Event "GpA"]
[Site "Cap D'Agde FRA"]
[Date "2003.10.25"]
[Round "3"]
[White "Gelfand,B"]
[Black "Azmaiparashvili,Z"]
[Result "1-0"]
[WhiteElo "2703"]
[BlackElo "2693"]
[EventDate "2003.10.24"]

1. e4 e5 2. Nf3 Nc6 3. Bc4 Bc5 4. c3 Nf6 5. d3 d6 6. Bb3 a6 7. Nbd2 Ba7 8.
Nf1 Ng4 9. d4 exd4 10. cxd4 Qe7 11. Ng3 d5 12. O-O dxe4 13. Nxe4 Be6 14.
Bg5 Nf6 15. d5 O-O-O 16. Re1 Na5 17. Nxf6 gxf6 18. Bd2 Nxb3 19. Qxb3 Qc5
20. dxe6 Qxf2+ 21. Kh1 Rhg8 22. g3 fxe6 23. Qxe6+ Kb8 24. Qe2 Qc5 25. Be3
Qd5 26. Red1 Qh5 27. Bxa7+ Kxa7 28. Rxd8 Rxd8 29. Rd1 Re8 30. Qd3 Kb8 31.
Re1 Rxe1+ 32. Nxe1 Qa5 33. Nf3 Qxa2 34. Qd8+ Ka7 35. Qxf6 c5 36. Qc3 Qd5
37. Kg2 Kb6 38. g4 a5 39. Kg3 a4 40. g5 Ka6 41. Qf6+ Ka5 42. Qe7 c4 43.
Qxh7 Qd6+ 44. Kg4 c3 45. bxc3 a3 46. Qf7 Qc6 47. g6 Qa4+ 48. Kg3 a2 49. g7
a1=Q 50. g8=Q Kb6 51. Qb3+
1-0

[Event "GpB"]
[Site "Cap D'Agde FRA"]
[Date "2003.10.24"]
[Round "1"]
[White "Leko,P"]
[Black "Svidler,P"]
[Result "0-1"]
[WhiteElo "2722"]
[BlackElo "2723"]
[EventDate "2003.10.24"]

1. e4 c5 2. Nf3 d6 3. d4 cxd4 4. Nxd4 Nf6 5. Nc3 a6 6. f3 b5 7. a4 b4 8.
Nd5 Nxd5 9. exd5 Bb7 10. Bc4 Nd7 11. a5 Qc7 12. Bb3 Nc5 13. Be3 g6 14. O-O
Bg7 15. Bc4 Nd7 16. Nc6 Bxc6 17. dxc6 Ne5 18. Bb6 Qc8 19. Bd5 e6 20. Bb3 d5
21. c7 O-O 22. Qd2 Nd7 23. Qxb4 Be5 24. c4 dxc4 25. Qxc4 Qb7 26. Qe4 Qxe4
27. fxe4 Nxb6 28. axb6 Bd4+ 29. Kh1 Bxb6 30. Rfc1 Rac8 31. Rxa6 Rxc7 32.
Rxc7 Bxc7 33. Ba4 Rb8 34. g3 Rxb2 35. Ra7 Be5 36. Be8 Rf2 37. Ra5 Bd4 38.
Ra4 Rd2 39. Ra8 g5 40. h3 Be5 41. Ra3 Kf8 42. Bb5 h5 43. Bf1 Rd1 44. Kg2
Re1 45. Kf2 Rxe4 46. Be2 g4 47. hxg4 hxg4 48. Bd1 Rd4 49. Be2 f5 50. Ra6
Ke7 51. Ra3 Kf6 52. Rb3 Ra4 53. Kf1 Ra1+ 54. Kg2 Bd4 55. Bf1 e5 56. Rb8 f4
57. gxf4 exf4 58. Rf8+ Kg5 59. Be2 Rg1+ 60. Kh2 g3+
0-1

[Event "GpB"]
[Site "Cap D'Agde FRA"]
[Date "2003.10.25"]
[Round "4"]
[White "Shirov,A"]
[Black "Leko,P"]
[Result "0-1"]
[WhiteElo "2737"]
[BlackElo "2722"]
[EventDate "2003.10.24"]

1. e4 c5 2. Nf3 Nc6 3. d4 cxd4 4. Nxd4 Nf6 5. Nc3 e5 6. Ndb5 d6 7. Bg5 a6
8. Na3 b5 9. Bxf6 gxf6 10. Nd5 f5 11. Bd3 Be6 12. O-O Bxd5 13. exd5 Ne7 14.
Qh5 e4 15. Be2 Bg7 16. c3 b4 17. Nc4 bxc3 18. bxc3 O-O 19. Rad1 f4 20. f3
e3 21. g3 Ng6 22. Qf5 Rc8 23. gxf4 Re8 24. Rb1 Bh6 25. Rb7 Rc7 26. Rfb1
Bxf4 27. Rxc7 Qxc7 28. Qf6 Rb8 29. Rxb8+ Qxb8 30. Bd3 Qe8 31. Kf1 Qa4 32.
Be2 Qxa2 33. Qd4 Qb1+ 34. Qd1 Qf5 35. Qd4 Qh3+ 36. Ke1 Qxh2 37. Kd1 h5
0-1

[Event "GpB"]
[Site "Cap D'Agde FRA"]
[Date "2003.10.26"]
[Round "6"]
[White "Shirov,A"]
[Black "Lautier,J"]
[Result "1-0"]
[WhiteElo "2737"]
[BlackElo "2666"]
[EventDate "2003.10.24"]

1. e4 c5 2. Nf3 e6 3. d4 cxd4 4. Nxd4 Nc6 5. Nc3 a6 6. Be2 d6 7. Be3 Nf6 8.
f4 Be7 9. Qd2 O-O 10. O-O-O Nd7 11. g4 Nxd4 12. Bxd4 b5 13. a3 Bb7 14. g5
Rc8 15. Kb1 e5 16. Be3 Nc5 17. Bxc5 Rxc5 18. Nd5 Bxd5 19. exd5 f5 20. h4 e4
21. b4 Rc8 22. Qd4 Qc7 23. c4 bxc4 24. Rc1 Qb7 25. Rxc4 Rc5 26. Rhc1 a5 27.
Rxc5 dxc5 28. Qe5 axb4 29. a4 Qd7 30. a5 Qa4 31. Bc4 b3 32. Qa1 Qxa1+ 33.
Kxa1 Bd6 34. a6 Bxf4 35. d6+ Kh8 36. Rd1 Be5+ 37. Kb1 Bd4 38. a7 e3 39. d7
f4 40. Bd5 e2 41. Re1
1-0

[Event "Corsica Masters KO"]
[Site "Bastia FRA"]
[Date "2003.11.01"]
[Round "1.1"]
[White "Gurevich,M"]
[Black "Sasikiran,K"]
[Result "1-0"]
[WhiteElo "2656"]
[BlackElo "2679"]
[EventDate "2003.11.01"]

1. c4 c6 2. Nf3 Nf6 3. Nc3 d5 4. e3 e6 5. Qc2 Nbd7 6. d4 Bd6 7. Bd3 O-O 8.
O-O dxc4 9. Bxc4 a6 10. Be2 e5 11. b3 Re8 12. Bb2 Qe7 13. Ne4 Nxe4 14. Qxe4
Nf6 15. Qh4 e4 16. Ne5 Be6 17. f3 Bd5 18. f4 a5 19. g4 Nd7 20. Qxe7 Rxe7
21. Nc4 Bc7 22. a4 Ree8 23. Rfc1 Nf8 24. Ba3 Ng6 25. Rab1 Nh4 26. Kf2 h6
27. Nd6 Bxd6 28. Bxd6 Nf3 29. h3 h5 30. Rb2 hxg4 31. hxg4 Re6 32. Bc7 Rh6
33. Kg3 f6 34. Bc4 Kf7 35. Bxd5+ cxd5 36. Bb6 f5 37. Rc7+ Kg8 38. Rxb7 Rc8
39. Bc7 Rh1 40. Be5 Rcc1 41. Rxg7+ Kf8 42. Rc7 Rce1 43. gxf5 Rxe3 44. Bd6+
Ke8 45. f6 Ne1+ 46. Kg4 Rg1+ 47. Kf5
1-0

[Event "Corsica Masters KO"]
[Site "Bastia FRA"]
[Date "2003.11.01"]
[Round "1.2"]
[White "Epishin,V"]
[Black "Lautier,J"]
[Result "0-1"]
[WhiteElo "2658"]
[BlackElo "2666"]
[EventDate "2003.11.01"]

1. c4 c5 2. Nc3 g6 3. Nf3 Bg7 4. e3 Nf6 5. d4 O-O 6. dxc5 Na6 7. Nd4 Nxc5
8. b4 Nce4 9. Nxe4 Nxe4 10. Bd3 d5 11. O-O a5 12. b5 e5 13. Bxe4 dxe4 14.
Nc2 Qxd1 15. Rxd1 Bg4 16. Rd6 Rfc8 17. Na3 Bf8 18. Rd5 Be6 19. Rxe5 Bg7 20.
Bb2 Bxc4 21. h3 Bd3 22. b6 Ra6 23. Bc1
0-1

[Event "Match"]
[Site "Prague CZE"]
[Date "2003.11.22"]
[Round "2"]
[White "Korchnoi,V"]
[Black "Navara,D"]
[Result "0-1"]
[WhiteElo "2580"]
[BlackElo "2607"]
[EventDate "2003.11.21"]

1. Nf3 g6 2. c4 Bg7 3. e4 e5 4. d4 exd4 5. Nxd4 Nf6 6. Nc3 O-O 7. Bg5 Re8
8. Qf3 h6 9. Be3 d6 10. h3 Nbd7 11. O-O-O Qe7 12. Nd5 Nxd5 13. exd5 c5 14.
dxc6 Ne5 15. Qe2 bxc6 16. Qd2 Ba6 17. Bxh6 Bh8 18. Bg5 Qb7 19. Qc2 Rab8 20.
b3 d5 21. c5 Bxf1 22. Rhxf1 Qb4 23. Rd2 Nd7 24. Nxc6 Qa3+ 25. Kb1 Nxc5 26.
Nxb8 Rxb8 27. Be7 Rxb3+ 28. Qxb3 Nxb3 29. Bxa3 Nxd2+ 30. Kc2 Nxf1 31. Kd3
Be5 32. Ke2 Nh2 33. Bc1 f6 34. Be3 d4 35. Bd2 Kf7 36. Bb4 a6 37. Bc5 Ke6
38. f4 Bxf4 39. Bxd4 Bg3 40. Bc3 f5 41. Bd2 f4
0-1

[Event "Hotel Bali Stars"]
[Site "Benidorm ESP"]
[Date "2003.11.27"]
[Round "2"]
[White "Azmaiparashvili,Z"]
[Black "Radjabov,T"]
[Result "0-1"]
[WhiteElo "2693"]
[BlackElo "2650"]
[EventDate "2003.11.27"]

1. d4 Nf6 2. c4 g6 3. Nc3 Bg7 4. e4 d6 5. h4 Nbd7 6. Be2 e5 7. d5 Nc5 8.
Qc2 h5 9. b4 Ncd7 10. Rb1 a5 11. a3 axb4 12. axb4 c6 13. Nf3 O-O 14. Bg5
Qc7 15. Nd2 c5 16. Nb5 Qb8 17. O-O b6 18. f3 Ba6 19. bxc5 Nxc5 20. Nb3 Nfd7
21. Be7 Bxb5 22. Nxc5 Nxc5 23. Bxf8 Ba4 24. Qb2 Bxf8 25. Qxb6 Qe8 26. g3
Qe7 27. Ra1 Rc8 28. Kg2 Bd7 29. Ra7 g5 30. Rh1 gxh4 31. Rxh4 Qg5 32. Qb2
Be7 33. Rh1 Qg6 34. Kf2 Rf8 35. Rha1 h4 36. g4 Qf6 37. R1a5 Qf4 38. Rxc5
Qg3+ 39. Kf1 h3
0-1

[Event "Hotel Bali Stars"]
[Site "Benidorm ESP"]
[Date "2003.11.28"]
[Round "7"]
[White "Radjabov,T"]
[Black "Romero Holmes,A"]
[Result "1-0"]
[WhiteElo "2650"]
[BlackElo "2544"]
[EventDate "2003.11.27"]

1. d4 Nf6 2. Bg5 Ne4 3. Bf4 c5 4. d5 Qa5+ 5. c3 Qb6 6. Nd2 Nxd2 7. Qxd2 d6
8. e4 e5 9. dxe6 Bxe6 10. Nf3 Nc6 11. Ng5 Ne5 12. Nxe6 fxe6 13. O-O-O Be7
14. Bg3 Qc6 15. f4 Nf7 16. Bc4 Qd7 17. f5 Bg5 18. Bf4 Bxf4 19. Qxf4 e5 20.
Qd2 Rd8 21. g4 O-O 22. g5 Kh8 23. Rhg1 b5 24. Be6 Qe7 25. Bd5 Rb8 26. Rg3
Nd8 27. Rh3 Nf7 28. Rg1
1-0

[Event "Hotel Bali Stars"]
[Site "Benidorm ESP"]
[Date "2003.11.28"]
[Round "8"]
[White "Hillarp Persson,T"]
[Black "Azmaiparashvili,Z"]
[Result "0-1"]
[WhiteElo "2512"]
[BlackElo "2693"]
[EventDate "2003.11.27"]

1. d4 d6 2. e4 Nf6 3. f3 e5 4. d5 Be7 5. Be3 Nh5 6. Ne2 Bg5 7. Bf2 g6 8. h4
Bh6 9. c4 f5 10. Nbc3 O-O 11. exf5 gxf5 12. Rg1 Kh8 13. g4 fxg4 14. fxg4
Rxf2 15. g5 Rh2 16. gxh6 Qxh4+ 17. Kd2 Bf5 18. Kc1 Na6 19. b3 Nb4 20. Kb2
Nd3+ 21. Ka3 Qf2 22. Na4 a6 23. Rg5 b5
0-1

[Event "Hotel Bali Stars"]
[Site "Benidorm ESP"]
[Date "2003.11.29"]
[Round "10"]
[White "Romero Holmes,A"]
[Black "Vallejo Pons,F"]
[Result "0-1"]
[WhiteElo "2544"]
[BlackElo "2662"]
[EventDate "2003.11.27"]

1. e4 c5 2. Nc3 Nc6 3. Nf3 e6 4. d4 cxd4 5. Nxd4 Nf6 6. Nxc6 bxc6 7. e5 Nd5
8. Ne4 Bb7 9. Bd3 Qc7 10. f4 c5 11. b3 Nb4 12. O-O Nxd3 13. cxd3 h5 14. Be3
Rc8 15. Rc1 Qb6 16. Qf3 Be7 17. Rc2 f5 18. exf6 gxf6 19. f5 e5 20. Rfc1 d6
21. Qg3 Kd7 22. Qg7 Rhf8 23. Rxc5 Bxe4 24. b4 Bxf5 25. d4 dxc5 26. dxc5 Qe6
27. b5 Rg8 28. Qh6 Be4 29. c6+ Kc7 30. Bxa7 Rxg2+ 31. Kf1 Qf5+ 32. Ke1 Bb4+
0-1

[Event "Hotel Bali Stars"]
[Site "Benidorm ESP"]
[Date "2003.11.29"]
[Round "10"]
[White "Hillarp Persson,T"]
[Black "Mamedyarov,S"]
[Result "0-1"]
[WhiteElo "2512"]
[BlackElo "2595"]
[EventDate "2003.11.27"]

1. g3 d5 2. Bg2 c5 3. Nf3 Nc6 4. O-O e5 5. d3 Nf6 6. Na3 Be7 7. e4 d4 8.
Nc4 Nd7 9. a4 b6 10. Ne1 O-O 11. f4 f6 12. Bh3 a6 13. Be6+ Kh8 14. f5 Rb8
15. Qh5 Qe8 16. Qh3 Nd8 17. Bd5 b5 18. axb5 axb5 19. Nf3 bxc4 20. Nh4 Nb6
21. dxc4 Nxd5 22. cxd5 Kg8 23. g4 Nf7 24. Ra3 c4 25. Rg3 Ng5 26. Bxg5 fxg5
27. Nf3 Bf6 28. Qg2 Rxb2 29. h4 Qd8 30. hxg5 Bxg5 31. Nxe5 d3 32. Nf3 dxc2
0-1

[Event "Amber Blindfold"]
[Site "Monte Carlo MNC"]
[Date "2004.03.20"]
[Round "1"]
[White "Vallejo Pons,F"]
[Black "Bareev,E"]
[Result "0-1"]
[WhiteElo "2663"]
[BlackElo "2714"]
[EventDate "2004.03.20"]

1. e4 e6 2. d4 d5 3. Nc3 dxe4 4. Nxe4 Nd7 5. Nf3 Ngf6 6. Nxf6+ Nxf6 7. c3
c5 8. Ne5 a6 9. Be3 Qc7 10. Qa4+ Nd7 11. O-O-O cxd4 12. Bxd4 f6 13. Nxd7
Bxd7 14. Qb3 b5 15. Be2 Bd6 16. Bg4 Kf7 17. Be3 Rad8 18. Rd2 Bc8 19. Re1
Rhe8 20. g3 Qc6 21. Qc2 g6 22. h4 Qc4 23. Bf3 Qxa2 24. Bc6 Rg8 25. Red1
Qa1+ 26. Qb1 Qxb1+ 27. Kxb1 Bc7 28. Bd7 Bb7 29. Bf4 Bxf4 30. Bxe6+ Kxe6 31.
Rxd8 Rxd8 32. Rxd8 Bd6 33. Rh8 h5 34. Rh7 Be4+ 35. Kc1 Bc5 36. f4 Bf2 37.
Kd2 Bxg3 38. Ke3 Kf5
0-1

[Event "Amber Blindfold"]
[Site "Monte Carlo MNC"]
[Date "2004.03.20"]
[Round "1"]
[White "Morozevich,A"]
[Black "Ivanchuk,V"]
[Result "1-0"]
[WhiteElo "2732"]
[BlackElo "2716"]
[EventDate "2004.03.20"]

1. e4 c5 2. Nf3 Nc6 3. Nc3 g6 4. Bb5 Bg7 5. O-O e5 6. d3 Nge7 7. Bc4 O-O 8.
Ne1 a6 9. a3 d6 10. Ba2 b5 11. Rb1 Rb8 12. Be3 h6 13. Qd2 Kh7 14. b4 f5 15.
f3 cxb4 16. axb4 a5 17. bxa5 Qxa5 18. Rb2 f4 19. Bf2 g5 20. Nb1 b4 21. Qd1
d5 22. Nd2 Be6 23. Bb3 Qc7 24. Qe2 Rfd8 25. d4 Bg8 26. Nd3 exd4 27. h4 Re8
28. hxg5 hxg5 29. Ra2 Nf5 30. Nc5 Rbc8 31. Qb5 Ng3 32. Re1 Na7 33. Qxb4 Nc6
34. Qb5 Na7 35. Qb7 Qxb7 36. Nxb7 Nb5 37. Ra5 dxe4 38. Bxg8+ Kxg8 39. Bxg3
e3 40. Ne4 Na3 41. Rxa3
1-0

[Event "Amber Blindfold"]
[Site "Monte Carlo MNC"]
[Date "2004.03.22"]
[Round "3"]
[White "Svidler,P"]
[Black "Topalov,V"]
[Result "1-0"]
[WhiteElo "2747"]
[BlackElo "2735"]
[EventDate "2004.03.20"]

1. e4 e5 2. Nf3 Nf6 3. Nxe5 d6 4. Nf3 Nxe4 5. d4 d5 6. Bd3 Nc6 7. O-O Be7
8. Nc3 Bf5 9. Qe1 Bb4 10. Qe3 O-O 11. Nxe4 dxe4 12. Bxe4 Re8 13. Bxf5 Rxe3
14. fxe3 Ne7 15. Bd3 f6 16. e4 Kh8 17. e5 c5 18. exf6 gxf6 19. a3 Ba5 20.
dxc5 Bc7 21. b4 Nc6 22. Bb2 Ne5 23. Be4 Nxf3+ 24. Bxf3 Rb8 25. Bxb7 Bxh2+
26. Kxh2 Qc7+ 27. Kg1 Qxb7 28. Rxf6 Kg8 29. Raf1 Rd8 30. R1f3 Qc7 31. R6f4
1-0

[Event "Amber Blindfold"]
[Site "Monte Carlo MNC"]
[Date "2004.03.22"]
[Round "3"]
[White "Morozevich,A"]
[Black "Shirov,A"]
[Result "1-0"]
[WhiteElo "2732"]
[BlackElo "2736"]
[EventDate "2004.03.20"]

1. e4 e5 2. Nf3 Nc6 3. Bb5 a6 4. Ba4 Nf6 5. d3 d6 6. c3 g6 7. O-O Bg7 8.
Nbd2 O-O 9. Re1 Nh5 10. Nf1 f5 11. exf5 Bxf5 12. Ng5 Kh8 13. Bb3 d5 14. g4
Nf4 15. Bxf4 exf4 16. Nxh7 Kxh7 17. gxf5 Rxf5 18. d4 Qh4 19. Kh1 Qxf2 20.
Qg4 Qxb2 21. Rac1 Raf8 22. Bc2 f3 23. Ne3 f2 24. Bxf5 fxe1=Q+ 25. Rxe1 Rf6
26. Rg1 Ne7 27. Nxd5 Nxd5 28. Bxg6+ Kg8 29. Bh5
1-0

[Event "Amber Blindfold"]
[Site "Monte Carlo MNC"]
[Date "2004.03.28"]
[Round "8"]
[White "Morozevich,A"]
[Black "Vallejo Pons,F"]
[Result "1-0"]
[WhiteElo "2732"]
[BlackElo "2663"]
[EventDate "2004.03.20"]

1. e4 c6 2. d4 d5 3. f3 e6 4. Nc3 Bb4 5. Bf4 Ne7 6. Qd3 b6 7. Ne2 a5 8.
O-O-O Ba6 9. Qe3 Nd7 10. h4 O-O 11. a3 Bxc3 12. Qxc3 c5 13. Bd6 Rc8 14. Kb1
Re8 15. Bxe7 Qxe7 16. exd5 exd5 17. Nf4 c4 18. g3 Nf6 19. Bh3 Ra8 20. Rhe1
Qd6 21. Re5 Bc8 22. Bxc8 Rexc8 23. g4 b5 24. Qe3 b4 25. g5 Nd7 26. Rxd5 Qc6
27. Qe7 Nb6 28. Rf5 Rc7 29. d5 Qb7 30. Qe5 Nd7 31. Qd4 bxa3 32. d6 Rc5 33.
Nh5 f6 34. Rxc5 Nxc5 35. gxf6 Rb8 36. Qxc4+ Qf7 37. Qxc5 Rxb2+ 38. Kc1 Qa2
39. Qc8+ Kf7 40. Qd7+ Kg6 41. Qxg7+
1-0

[Event "Amber Blindfold"]
[Site "Monte Carlo MNC"]
[Date "2004.03.28"]
[Round "8"]
[White "Kramnik,V"]
[Black "Van Wely,L"]
[Result "1-0"]
[WhiteElo "2777"]
[BlackElo "2617"]
[EventDate "2004.03.20"]

1. e4 c5 2. Nf3 Nc6 3. Nc3 e5 4. Bc4 d6 5. d3 Be7 6. O-O Nf6 7. a3 O-O 8.
h3 a6 9. Ba2 Be6 10. Nd5 Nd4 11. Ne3 Bxa2 12. Rxa2 d5 13. exd5 Nxd5 14.
Nxe5 Nxe3 15. fxe3 Qd5 16. Nc4 b5 17. b3 bxc4 18. dxc4 Qd7 19. exd4 cxd4
20. c3 Bc5 21. b4 Ba7 22. c5 d3 23. Rd2 Rad8 24. Rf3
1-0

[Event "Amber Blindfold"]
[Site "Monte Carlo MNC"]
[Date "2004.03.30"]
[Round "9"]
[White "Topalov,V"]
[Black "Morozevich,A"]
[Result "0-1"]
[WhiteElo "2735"]
[BlackElo "2732"]
[EventDate "2004.03.20"]

1. d4 d5 2. c4 c6 3. Nf3 Nf6 4. Nc3 dxc4 5. a4 Bf5 6. Ne5 Nbd7 7. Nxc4 Nd5
8. g3 e5 9. Bg2 exd4 10. Qxd4 Qf6 11. Qxf6 N7xf6 12. Nxd5 cxd5 13. Ne3 Bb4+
14. Bd2 Bxd2+ 15. Kxd2 Be4 16. Bf3 O-O-O 17. Rhd1 d4 18. Ng4 Bxf3 19. exf3
Nd7 20. f4 f6 21. f3 Kb8 22. Nf2 Rhe8 23. Re1 Nc5 24. Rxe8 Rxe8 25. Ra3 Re3
26. Nd3 Na6 27. a5 Kc7 28. Ra1 Kd6 29. Rc1 Rxf3 30. Rc8 Kd5 31. b4 b6 32.
Ra8 Kc4 33. Ne1 Rf2+ 34. Kd1 Nxb4 35. Rxa7 bxa5 36. Rxa5 d3 37. Ra7 Nd5 38.
Ra4+ Kb3 39. Rd4 Nc3+
0-1

[Event "Amber Blindfold"]
[Site "Monte Carlo MNC"]
[Date "2004.03.31"]
[Round "10"]
[White "Shirov,A"]
[Black "Vallejo Pons,F"]
[Result "1-0"]
[WhiteElo "2736"]
[BlackElo "2663"]
[EventDate "2004.03.20"]

1. e4 e6 2. d4 d5 3. Nc3 Nf6 4. Bg5 dxe4 5. Nxe4 Nbd7 6. Nf3 h6 7. Nxf6+
Nxf6 8. Be3 Nd5 9. Qd2 Bb4 10. c3 Bd6 11. Bd3 Bd7 12. O-O-O Qe7 13. c4 Nxe3
14. fxe3 c5 15. Qc3 O-O 16. Be4 Ba4 17. b3 cxd4 18. exd4 Bc6 19. Qe3 Rfd8
20. Kb1 Rac8 21. Rhf1 a6 22. g4 Qc7 23. Bxc6 bxc6 24. h4 c5 25. g5 Bf4 26.
Qe4 cxd4 27. g6 Rf8 28. Nxd4 e5 29. Ne2 fxg6 30. Qxg6 Qe7 31. h5 Rxc4 32.
bxc4 Rb8+ 33. Ka1 e4 34. Rxf4 Qb4 35. Qe6+ Kh8 36. Qe5
1-0

[Event "Amber Blindfold"]
[Site "Monte Carlo MNC"]
[Date "2004.04.01"]
[Round "11"]
[White "Van Wely,L"]
[Black "Shirov,A"]
[Result "0-1"]
[WhiteElo "2617"]
[BlackElo "2736"]
[EventDate "2004.03.20"]

1. d4 d5 2. c4 c6 3. Nc3 Nf6 4. Nf3 e6 5. Bg5 dxc4 6. e4 b5 7. e5 h6 8. Bh4
g5 9. Nxg5 hxg5 10. Bxg5 Nbd7 11. exf6 Bb7 12. g3 c5 13. d5 Qb6 14. Bg2
O-O-O 15. O-O b4 16. Na4 Qb5 17. a3 exd5 18. axb4 cxb4 19. Be3 Nc5 20. Qg4+
Rd7 21. Nxc5 Bxc5 22. Bxc5 Qxc5 23. Rfe1 Kc7 24. h4 Rhd8 25. Re5 a5 26. h5
Bc6 27. h6 a4 28. Qf4 Qd6 29. Bh3 a3 30. bxa3 b3 31. Bxd7 Bxd7 32. Rd1 Be6
33. h7 Rh8 34. Qg5 Rxh7 35. Rexd5 Bxd5 36. Rxd5 b2 37. Rc5+ Kb6 38. Rb5+
Kc6 39. Rxb2 Qd1+
0-1

[Event "Amber Rapid"]
[Site "Monte Carlo MNC"]
[Date "2004.03.22"]
[Round "3"]
[White "Shirov,A"]
[Black "Morozevich,A"]
[Result "1-0"]
[WhiteElo "2736"]
[BlackElo "2732"]
[EventDate "2004.03.20"]

1. e4 e6 2. d4 d5 3. Nc3 Nf6 4. e5 Nfd7 5. f4 c5 6. Nf3 Be7 7. Be3 b6 8.
Ne2 Nc6 9. c3 O-O 10. Ng3 c4 11. Ng5 h6 12. h4 b5 13. Qc2 Bxg5 14. hxg5 b4
15. Be2 bxc3 16. bxc3 Rb8 17. Kf2 Re8 18. Nh5 Ne7 19. g4 Rb5 20. Nf6+ gxf6
21. gxf6 Nxf6 22. exf6 Ng6 23. g5 hxg5 24. fxg5 e5 25. Rh6 e4 26. Rah1 Re6
27. Bh5 Rxf6+ 28. gxf6 Qxf6+ 29. Ke1 Be6 30. Bxg6 Qf3 31. Kd2 Bg4 32. Bh7+
Kg7 33. R6h2 f5 34. Bxf5 Qxf5 35. Qa4 Rb2+ 36. Kc1 Rxh2 37. Qxa7+ Kg6 38.
Rxh2 Bh3 39. Qb6+ Kh5 40. Qh6+
1-0

[Event "Amber Rapid"]
[Site "Monte Carlo MNC"]
[Date "2004.03.23"]
[Round "4"]
[White "Svidler,P"]
[Black "Vallejo Pons,F"]
[Result "0-1"]
[WhiteElo "2747"]
[BlackElo "2663"]
[EventDate "2004.03.20"]

1. e4 c5 2. Nf3 d6 3. d4 cxd4 4. Nxd4 Nf6 5. Nc3 a6 6. f3 e5 7. Nb3 Be6 8.
Be3 Be7 9. Qd2 O-O 10. O-O-O Nbd7 11. g4 b5 12. g5 b4 13. Ne2 Ne8 14. Kb1
a5 15. Nbc1 a4 16. f4 exf4 17. Bxf4 Nc5 18. Bg2 b3 19. cxb3 axb3 20. a3 d5
21. Nd4 Nd6 22. exd5 Bg4 23. Rde1 Qd7 24. Qb4 Bf5+ 25. Ka1 Rfb8 26. Qxc5
Nc4 27. d6 Rxa3+ 28. Qxa3 Nxa3 29. dxe7 Nc2+ 30. Nxc2 Qa4+
0-1

[Event "Amber Rapid"]
[Site "Monte Carlo MNC"]
[Date "2004.03.23"]
[Round "4"]
[White "Anand,V"]
[Black "Van Wely,L"]
[Result "1-0"]
[WhiteElo "2766"]
[BlackElo "2617"]
[EventDate "2004.03.20"]

1. e4 c5 2. Nf3 Nc6 3. d4 cxd4 4. Nxd4 Nf6 5. Nc3 e5 6. Ndb5 d6 7. Bg5 a6
8. Na3 b5 9. Nd5 Be7 10. Nxe7 Nxe7 11. Bxf6 gxf6 12. c4 Bb7 13. Bd3 bxc4
14. Nxc4 d5 15. exd5 Qxd5 16. Qa4+ Kf8 17. O-O-O Qxg2 18. Rhg1 Qxf2 19. Qb4
Bf3 20. Rgf1 Qg2 21. Ne3 Qh3 22. Bf5 Qh5 23. Rd7 Re8 24. Bc2 e4 25. Kb1 Qb5
26. Qd6 Qe5 27. Qd2 Qf4 28. Ba4 Ng6 29. Bb3 Ne5 30. Qd6+ Kg7 31. Rxf7+ Kg6
32. Rg1+ Kh5 33. Rxf6 Qxe3 34. Rf5+ Kh4 35. Qf6+ Kh3 36. Rg3+
1-0

[Event "Amber Rapid"]
[Site "Monte Carlo MNC"]
[Date "2004.03.30"]
[Round "9"]
[White "Morozevich,A"]
[Black "Topalov,V"]
[Result "1-0"]
[WhiteElo "2732"]
[BlackElo "2735"]
[EventDate "2004.03.20"]

1. e4 c5 2. Nf3 d6 3. d4 cxd4 4. Nxd4 Nf6 5. Nc3 a6 6. Be3 e5 7. Nb3 Be6 8.
Qd2 b5 9. O-O-O Nbd7 10. f4 Be7 11. Kb1 Rc8 12. f5 Bc4 13. g4 Nxg4 14. Rg1
Nxe3 15. Qxe3 g6 16. Bxc4 bxc4 17. Nd2 Nf6 18. Qh3 Qd7 19. Nf1 gxf5 20. Ne3
Nxe4 21. Ncd5 Nf2 22. Qh5 Nxd1 23. Rxd1 Rc5 24. Nxe7 Qxe7 25. Nxf5 e4 26.
Ng7+ Kf8 27. Qh6 Qe5 28. Nf5+ Ke8 29. Nxd6+ Ke7 30. Nf5+ Ke8 31. Qg5 Qc7
32. Ng7+
1-0